| 000 | 00471nam a2200193 a 4500 | ||
|---|---|---|---|
| 001 | BRCA_7312 | ||
| 005 | 20190320205804.0 | ||
| 008 | 130612s19uu----u--a######---#000-0#eng-# | ||
| 041 | _aeng | ||
| 044 | _au | ||
| 050 | 4 |
_aDS715 _b.P45 1900 |
|
| 245 | 1 | 0 | _aPeking. |
| 260 |
_aEstados Unidos _b[s.n.] _c[1900?] |
||
| 300 |
_a1 v. (sin paginación) _bil. _c19 cm. |
||
| 500 | _aL173 | ||
| 651 | 4 |
_aPekín _vGuías _xHistoria _zChina _918077 |
|
| 902 | _aGFM | ||
| 942 |
_2lcc _cB |
||
| 999 |
_c6988 _d6988 |
||